• 首页
  • 本馆介绍
  • 公告通知
  • 最新文献
  • 馆藏检索
  • 电子资源
  • 读者导购
  • 参考咨询
  • 我的图书馆
  • 登录
  • 详细信息显示
  • 放入我的书架
  • 预约/预借图书
  • 作者相关作品
  • 分类相关作品
  • 丛书相关作品
  • 出版社相关作品

书目信息

  • 表格格式
  • 工作单格式
  • 卡片格式
题名:
电子商务概论
    
 
作者: 彭媛 主编
分册:  
出版信息: 北京   北京理工大学出版社有限责任公司  2018.01
页数: 300页
开本: 26cm
丛书名:
单 册:
中图分类: F713.36
科图分类:
主题词: 电子商务
电子资源:
ISBN: 978-7-5682-5254-6
000 00892nam0 2200241 450
001 1027
005 20180927144912.20
010    @a978-7-5682-5254-6@dCNY75.00
100    @a20180819d2018 em y0chiy50 ea
101 0  @achi
102    @aCN@b110000
105    @aa z 000yy
200 1  @a电子商务概论@9dian zi shang wu gai lun@f彭媛主编
205    @a3版
210    @a北京@c北京理工大学出版社有限责任公司@d2018.01
215    @a300页@c图@d26cm
330    @a本书系统地介绍了电子商务的整体架构、基础知识及相关的应用,包括电子商务概述、网络经济、电子商务的技术基础、电子商务安全、网络金融、网络营销、电子商务物流管理、电子商务网站建设、企业电子商务应用及电子商务的法律问题10章内容。
510 1  @aIntroduction to E-commerce@zeng
606 0  @a电子商务
690    @aF713.36@v5
701  0 @a彭媛@9peng yuan@f(1980.2-)@4主编
801  0 @aCN@b91MARC@c20180819
905    @aMuseLib@dF713.36@e1075=3
    
    电子商务概论/彭媛主编.-3版.-北京:北京理工大学出版社有限责任公司,2018.01
    300页:图;26cm
    
    
    ISBN 978-7-5682-5254-6:CNY75.00
    本书系统地介绍了电子商务的整体架构、基础知识及相关的应用,包括电子商务概述、网络经济、电子商务的技术基础、电子商务安全、网络金融、网络营销、电子商务物流管理、电子商务网站建设、企业电子商务应用及电子商务的法律问题10章内容。
●
相关链接 在E读中查询图书 在五车中查询图书 在当当中查询图书 在豆瓣中查询图书


正题名:电子商务概论     索取号:F713.36/1075=3         预约/预借

序号 登录号 条形码 馆藏地/架位号 状态 备注
1 1120819   211208192   第一样本阅览室/ [索取号:F713.36/1075=3] 在馆    
2 1120820   211208209   密集书库-数信学院/ [索取号:F713.36/1075=3] 在馆    
3 1120821   211208218   第一借阅区/ [索取号:F713.36/1075=3] 在馆    
4 1120822   211208227   第一借阅区/ [索取号:F713.36/1075=3] 在馆    
5 1120823   211208236   第一借阅区/ [索取号:F713.36/1075=3] 在馆    
唐山师范学院图书馆 欢迎您!
大连网信软件有限公司© 版权所有